| 000 | 00438cam a2200181ua 4500 | ||
|---|---|---|---|
| 001 | 2559 | ||
| 008 | 110826n ii |||gr||||Z||||||asm | ||
| 040 | _cMAIN | ||
| 082 | _a410 | ||
| 100 |
_aGoswami, Upendranath., _eAuthor. |
||
| 245 | 1 | 0 |
_aBhasha vijnan _cby Upendranath Goswami |
| 250 | _a2nd rev. ed. | ||
| 260 |
_aGauhati: _bNew book stall,970. |
||
| 300 | _a250p. | ||
| 653 | _aLinguistics | ||
| 653 | _aBhasha vijnan | ||
| 942 | _cBK | ||
| 999 |
_c2412 _d2412 |
||